[Event "7th UI&UL GM"]
[Site "Dhaka BAN"]
[Date "2005.04.12"]
[Round "9"]
[White "Suresh,KT"]
[Black "Chowdhury,So"]
[Result "1-0"]
[WhiteElo "2226"]
[BlackElo "2163"]

1.Nf3 d5 2.g3 c5 3.Bg2 Nc6 4.O-O e6 5.c4 Nf6 6.cxd5 exd5 7.d4 Be7 8.Nc3 h6
9.h3 O-O 10.Be3 c4 11.Ne5 Be6 12.b3 Bb4 13.Nxc6 bxc6 14.Bd2 Qa5 15.Qc2 cxb3
16.axb3 Qb6 17.e3 a5 18.Na4 Qb5 19.Bxb4 Qxb4 20.Nc5 Rfe8 21.Ra4 Qb6 22.Rfa1 Ne4
23.Bxe4 dxe4 24.Nxe6 Rxe6 25.b4 Qb5 26.Rxa5 Rxa5 27.bxa5 Qa6 28.Qc5 Rf6 29.Qc2 Re6
30.Qb1 Re8 31.Qf1 Qa7 32.Qc4 Qd7 33.a6 Ra8 34.Qa4 Ra7 35.g4 Qc7 36.d5 h5
37.Qxc6 Qe5 38.Qc8+ Kh7 39.Qf5+ Qxf5 40.gxf5 Kg8 41.Kg2  1-0

[Event "7th UI&UL GM"]
[Site "Dhaka BAN"]
[Date "2005.04.12"]
[Round "9"]
[White "Vijayalakshmi,S"]
[Black "Hasan,Me"]
[Result "1/2-1/2"]
[WhiteElo "2412"]
[BlackElo "2322"]

1.Nf3 d5 2.g3 Nf6 3.Bg2 c6 4.O-O Bf5 5.d3 Nbd7 6.Nbd2 e6 7.b3 Bc5 8.Bb2 Qe7
9.a3 O-O 10.Qe1 e5 11.e4 dxe4 12.dxe4 Bg6 13.Nh4 Rfe8 14.Nxg6 hxg6 15.Qe2 Rad8
16.a4 Nf8 17.Nc4 Qc7 18.a5 b5 19.axb6 axb6 20.c3 b5 21.Ne3 Ne6 22.b4 Bb6
23.Rad1 Rxd1 24.Rxd1 Rd8 25.Rxd8+ Qxd8 26.Nc2 Ng4 27.Ne3 Nxe3 28.fxe3 Qa8
29.Kf2 Qa4 30.h4 Qb3 31.Bf1 Nc7 32.Qd2 Ne8 33.Bd3 Nf6 34.Kf3 Qe6 35.Bc1 Qg4+
36.Kg2 Nxe4 37.Qe1 Nd6 38.Qd2 Nf5 39.Bxf5 gxf5 40.Qd7 Qe2+ 41.Kh1 Qf3+ 42.Kh2 f6
43.Qb7 Qf2+ 44.Kh1 Qf1+ 45.Kh2 Qxc1 46.Qc8+ Kf7 47.Qd7+ Kf8 48.Qd6+ Ke8 49.Qxc6+ Ke7
50.Qb7+ Ke8 51.Qxb6 Qxc3 52.Qxb5+ Kd8 53.Qb6+ Qc7 54.Qb5 Qd7 55.Qc4 Qd2+
56.Kh3 Qd7 57.Qc3 Qd5  1/2-1/2

[Event "TCh-BEL 2004-5"]
[Site "Belgium BEL"]
[Date "2005.04.15"]
[Round "9"]
[White "Foisor,C"]
[Black "Saltaev,M"]
[Result "1/2-1/2"]
[WhiteElo "2411"]
[BlackElo "2485"]

1.Nf3 d5 2.g3 g6 3.Bg2 Bg7 4.d4 c6 5.O-O Nd7 6.a4 Nh6 7.c4 dxc4 8.Na3 Nf5
9.e4 Nd6 10.e5 Nf5 11.Nxc4 Nb6 12.Nxb6 axb6 13.Ra3 Be6 14.g4 Nh6 15.h3 Bd5
16.Bf4 Ng8 17.Re1 e6 18.Qd2 h6 19.b4 Ne7 20.Rea1 g5 21.Be3 Ng6 22.a5 O-O
23.Ne1 b5 24.f4 Nxf4 25.Bxf4 gxf4 26.Qxf4 f6 27.Qe3 Bxg2 28.Nxg2 fxe5 29.dxe5 Qg5
30.Re1 Rf7 31.Qe4 Raf8 32.Rd3 Kh8  1/2-1/2

[Event "ch-BLR U20"]
[Site "Minsk BLR"]
[Date "2005.04.15"]
[Round "8"]
[White "Redko,S"]
[Black "Khaiminov,A"]
[Result "1-0"]
[WhiteElo "2150"]
[BlackElo "2245"]

1.Nf3 d5 2.g3 Bg4 3.Ne5 Bf5 4.c4 dxc4 5.Qa4+ c6 6.Qxc4 Qd5 7.Qxd5 cxd5 8.Nc3 e6
9.d3 Nf6 10.Bg2 Nc6 11.Nxc6 bxc6 12.Bd2 Rb8 13.Na4 Be7 14.Rc1 Kd7 15.f3 Rhc8
16.e4 Bg6 17.Be3 Rb7 18.Ke2 c5 19.Rhd1 Rbc7 20.b3 Ke8 21.Rd2 c4 22.dxc4 dxc4
23.Rdc2 Ba3 24.Rd1 Nd7 25.Rd4 cxb3 26.Rxc7 Rxc7 27.axb3 Rb7 28.Rd3 f6 29.Rc3 Bf7
30.Kd3 e5 31.Kc2 Bb4 32.Rc8+ Ke7 33.Bc1 Bd6 34.Rc3 Bb4 35.Rc8 Be6 36.Bf1 Nb6
37.Nxb6 Bxc8 38.Nxc8+ Kd8 39.Bh3 Rc7+ 40.Kd1 Rxc8 41.Bxc8 Kxc8 42.Kc2 Kd7
43.Kd3 Kc6 44.Be3 a6 45.Kc4 Be7 46.g4 g6 47.h4 h5 48.gxh5 gxh5 49.Ba7 Bd6
50.Be3 Be7 51.Bh6 Kd6 52.Kb4 Kc6+ 53.Ka5 Kb7 54.Bg7 Bd8+ 55.Kb4 Be7+ 56.Kc4 Kc6
57.Bh6 Kd6 58.f4 exf4 59.Bxf4+ Kc6 60.Be3 Bd6 61.Bd4 Be5 62.Bxe5 fxe5 63.b4 Kb6
64.Kd5 Kb5 65.Kxe5 Kxb4 66.Kd5 a5 67.e5 a4 68.e6 a3 69.e7 a2 70.e8=Q a1=Q
71.Qb8+  1-0

[Event "Open"]
[Site "Metz FRA"]
[Date "2005.04.16"]
[Round "1"]
[White "Schweitzer,Ma"]
[Black "Savchenko,S"]
[Result "0-1"]
[WhiteElo "1940"]
[BlackElo "2512"]

1.Nf3 d5 2.g3 Bg4 3.Bg2 Nd7 4.O-O Ngf6 5.d4 e6 6.Nbd2 Be7 7.b3 O-O 8.Bb2 a5
9.a4 c6 10.h3 Bh5 11.c4 Bb4 12.Ba3 Bxa3 13.Rxa3 Re8 14.Ra1 Qb6 15.g4 Bg6
16.e3 Rad8 17.Qc1 Ne4 18.Nxe4 Bxe4 19.Qc3 h6 20.Ne5 Nxe5 21.dxe5 Bxg2 22.Kxg2 d4
23.exd4 Qxd4 24.Qxd4 Rxd4 25.Rad1 Red8 26.Rxd4 Rxd4 27.f4 Kf8 28.Rf3 Ke7
29.Kg3 g6 30.Rc3 g5 31.fxg5 hxg5 32.Re3 Rd1 33.Kf3 Rd2 34.Kg3 Rd4 35.Kf3 f5
36.exf6+ Kxf6 37.Kg3 e5 38.h4 gxh4+ 39.Kxh4 e4 40.g5+ Kf5 41.g6 Kxg6 42.Kg4 Rd3
43.Rxd3 exd3 44.Kf3 Kf5 45.Ke3 d2 46.Kxd2 Ke4 47.Kc3 c5 48.Kd2 Kd4 49.Kc2 Ke3
50.Kc3 Ke2 51.Kc2 b6 52.Kc3 Kd1 53.Kb2 Kd2 54.Kb1 Kc3 55.Ka2 Kc2 56.Ka3 Kb1  0-1

[Event "Extraliga CZE 2004-5"]
[Site "Czech Rep CZE"]
[Date "2005.04.17"]
[Round "11"]
[White "Vesselovsky,S"]
[Black "Petr,Ma"]
[Result "1/2-1/2"]
[WhiteElo "2397"]
[BlackElo "2293"]

1.Nf3 d5 2.g3 e6 3.Bg2 Nf6 4.O-O Be7 5.c4 O-O 6.Qc2 c6 7.d4 Nbd7 8.Nbd2 b6
9.e4 Ba6 10.b3 Rc8 11.Bb2 c5 12.exd5 exd5 13.Qf5 g6 14.Qh3 h5 15.Rfd1 Rc7
16.Bh1 cxd4 17.Nxd4 Nc5 18.Qf1  1/2-1/2

[Event "Spring Inv"]
[Site "Chicago USA"]
[Date "2005.04.19"]
[Round "8"]
[White "Van de Mortel,J"]
[Black "Mitkov,N"]
[Result "1-0"]
[WhiteElo "2410"]
[BlackElo "2530"]

1.Nf3 d5 2.g3 c6 3.Bg2 Bg4 4.O-O Nd7 5.d3 Ngf6 6.c4 e6 7.cxd5 cxd5 8.Be3 Bd6
9.Qb3 Qb8 10.Nc3 a6 11.a4 b6 12.Nd4 O-O 13.h3 Bh5 14.g4 Bg6 15.f4 Bc5 16.Kh1 Qd6
17.Bg1 Rae8 18.f5 exf5 19.gxf5 Bh5 20.Bh2 Ne5 21.e3 Qe7 22.Nxd5 Nxd5 23.Qxd5 Qf6
24.Nc2 Be2 25.Rfe1 Bxd3 26.Bxe5 Qxe5 27.Qxd3 Bd6 28.Kg1 Qh2+ 29.Kf1 Rd8 30.Nd4 Rfe8
31.Rad1 Bg3 32.Re2 Be5 33.Qxa6 h6 34.Qd3 Qg3 35.Qc2 Rc8 36.Qd2 Rcd8 37.Qc2 Rc8
38.Qd2 Rcd8 39.Qe1 Qg5 40.Qf2 Rd6 41.Qf3 Rc8 42.Qg4 Qf6 43.Red2 Rc4 44.b3 Rc5
45.Kg1 Rd8 46.Nf3 Rxd2 47.Nxd2 Rc3 48.Ne4  1-0

[Event "Caissa IM April"]
[Site "Kecskemet HUN"]
[Date "2005.04.19"]
[Round "5"]
[White "Jakab,A"]
[Black "Peric,Sl"]
[Result "1-0"]
[WhiteElo "2448"]
[BlackElo "2248"]

1.Nf3 d5 2.g3 Bg4 3.Bg2 Nd7 4.O-O e6 5.c4 c6 6.cxd5 cxd5 7.d3 Ngf6 8.Nc3 Be7
9.e4 dxe4 10.dxe4 O-O 11.h3 Bxf3 12.Bxf3 Ne5 13.Be2 Bb4 14.Qb3 Bxc3 15.Qxc3 Nc6
16.Rd1 Qa5 17.Qxa5 Nxa5 18.Bf3 Rfd8 19.Bd2 Nc6 20.Bc3 Rxd1+ 21.Rxd1 Rd8 22.Rxd8+ Nxd8
23.Kf1 Kf8 24.Ke2 Ke7 25.Ke3 Nc6 26.b4 a6 27.a4 Ne8 28.g4 f6 29.e5 fxe5 30.Bxc6 bxc6
31.Bxe5 Nf6 32.Bxf6+ gxf6 33.Kd4 Kd6 34.f4 h6 35.h4 Ke7 36.Kc5 e5 37.fxe5 fxe5
38.Kc4 Kd6 39.Kd3 Kd5 40.g5 hxg5 41.hxg5 e4+ 42.Ke3 Ke5 43.g6 Kf6 44.Kxe4 Kxg6
45.Ke5  1-0

[Event "Open"]
[Site "Metz FRA"]
[Date "2005.04.20"]
[Round "5"]
[White "Kengis,E"]
[Black "Sulava,N"]
[Result "1/2-1/2"]
[WhiteElo "2537"]
[BlackElo "2478"]

1.Nf3 d5 2.g3 c6 3.Bg2 Bg4 4.c4 e6 5.b3 Nd7 6.Bb2 Ngf6 7.O-O Bd6 8.d4 O-O
9.Nbd2 Bh5 10.Ne5 Bc7 11.Nd3 Re8 12.Re1 e5 13.dxe5 Nxe5 14.Nxe5 Bxe5 15.Bxe5 Rxe5
16.cxd5 cxd5 17.Nf3 Bxf3 18.Bxf3 Qb6 19.e3 Ne4 20.Rc1 Rae8 21.Re2 h5 22.Rec2 h4
23.Rc8 Rxc8 24.Rxc8+ Kh7 25.Bxe4+ dxe4 26.Qg4 hxg3 27.hxg3 Qg6 28.Qh4+ Rh5
29.Qf4 f5 30.Qb8 Rh1+ 31.Kxh1  1/2-1/2

[Event "Open"]
[Site "Metz FRA"]
[Date "2005.04.21"]
[Round "6"]
[White "Svetushkin,D"]
[Black "Dziuba,M"]
[Result "0-1"]
[WhiteElo "2530"]
[BlackElo "2429"]

1.Nf3 d5 2.g3 c6 3.Bg2 Bg4 4.b3 Nd7 5.Bb2 Ngf6 6.O-O e6 7.d3 Be7 8.Nbd2 O-O
9.h3 Bxf3 10.Nxf3 a5 11.a4 b5 12.e4 bxa4 13.e5 Ne8 14.Rxa4 Nb6 15.Ra1 a4
16.c4 a3 17.Bc3 Nc7 18.Nd4 Qd7 19.b4 Na4 20.Qc2 c5 21.bxc5 Bxc5 22.Nb3 Be7
23.Bd2 Rfc8 24.c5 Nb5 25.Bb4 Nxc5 26.Bxc5 Bxc5 27.Nxc5 Qa7 28.Rfb1 Rxc5 29.Qd2 Nd4
30.Ra2 h6 31.g4 Rac8  0-1

[Event "Torch Real Estate Cup"]
[Site "Jinan CHN"]
[Date "2005.04.22"]
[Round "3"]
[White "Zhang Zhong"]
[Black "Yu Lie"]
[Result "1-0"]
[WhiteElo "2599"]
[BlackElo "2328"]

1.Nf3 d5 2.g3 c5 3.Bg2 Nc6 4.d4 Nf6 5.O-O e6 6.c4 dxc4 7.Qa4 Bd7 8.Qxc4 cxd4
9.Nxd4 Rc8 10.Nc3 Nxd4 11.Qxd4 Bc5 12.Qh4 Bc6 13.Rd1 Qc7 14.Bh6 Bf8 15.Bxc6+ bxc6
16.Rac1 Nd5 17.Nxd5 exd5 18.Rxd5 Be7 19.Bg5 Bxg5 20.Rxg5 O-O 21.Rgc5 Qb7
22.b3 Rfe8 23.e3 h6 24.Qc4 Re6 25.Rd1 Qe7 26.b4 Re4 27.Qc3 Rd8 28.Rb1 Qe6
29.Qc2 Rd6 30.b5 Rd5 31.Rxc6 Qf5 32.b6 axb6 33.Rcxb6 Rc5 34.Qd3 Rd5 35.Qe2 Ra4
36.R6b5 Kh7 37.R5b4 Rda5 38.R1b2 Ra3 39.R4b3 R3a4 40.Rb5 Rxb5 41.Rxb5 Qe4
42.Rb3 Rc4 43.Qd1 g6 44.Qa1 Qc6 45.Rb1 h5 46.h4 Rc3 47.a4 Qc5 48.Qa2 Qc7
49.Qd5 Rxe3 50.fxe3 Qxg3+ 51.Kf1 Qh3+ 52.Ke2 Kg7 53.Qd4+ Kh7 54.Rf1 f5 55.Rc1 Qg2+
56.Kd3 Qb7 57.Qc4 Qd7+ 58.Ke2 Qe8 59.Qc7+  1-0

[Event "Masters Open"]
[Site "Cutro ITA"]
[Date "2005.04.23"]
[Round "1"]
[White "Starostits,I"]
[Black "Sautto,D"]
[Result "1-0"]
[WhiteElo "2450"]
[BlackElo "2119"]

1.Nf3 d5 2.g3 Nf6 3.Bg2 e6 4.O-O Be7 5.c4 O-O 6.b3 b6 7.Bb2 Bb7 8.d4 dxc4
9.bxc4 c5 10.e3 cxd4 11.exd4 Nc6 12.Nbd2 Rc8 13.Qe2 Na5 14.Rac1 Ba6 15.Ne5 Nd7
16.Nb3 Nxe5 17.Nxa5 bxa5 18.dxe5 Qd7 19.Be4 Qa4 20.Bd3 Qxa2 21.Rc3 Qa4 22.Ra1 Qc6
23.Be4 Qc7 24.h4 Bb4 25.Rc2 Bxc4 26.Qg4 Qe7 27.h5 Bb3 28.Re2 Bc3 29.Ba3 Bb4
30.Bb2 Bc3 31.h6 g6 32.Ba3 Bb4 33.Bxb4 axb4 34.Qf3 Rc7 35.Qxb3  1-0

[Event "Masters Open"]
[Site "Cutro ITA"]
[Date "2005.04.23"]
[Round "1"]
[White "Lazic,Mi"]
[Black "Abatino,M"]
[Result "1-0"]
[WhiteElo "2500"]
[BlackElo "2214"]

1.g3 d5 2.Nf3 Nf6 3.Bg2 Bf5 4.O-O e6 5.d3 h6 6.c4 c6 7.Qb3 Qb6 8.Qc2 Nbd7
9.Nbd2 Be7 10.b3 O-O 11.Bb2 Bh7 12.a3 Rfc8 13.Rac1 Qd8 14.Qb1 Qf8 15.Qa1 a5
16.Rc2 Nc5 17.cxd5 cxd5 18.Rfc1 Ncd7 19.a4 Rxc2 20.Rxc2 Rc8 21.Qc1 Rxc2 22.Qxc2 Bc5
23.Qc1 Qd8 24.Bd4 Qb6 25.Qc3 Bxd4 26.Nxd4 Qc5 27.Nb5 Qxc3 28.Nxc3 Kf8 29.e4 dxe4
30.dxe4 Nc5 31.f3 Nfd7 32.Kf2 f5 33.Ke3 Ke7 34.f4 fxe4 35.Bxe4 Bg8 36.Bc2 e5
37.f5 Nf6 38.h3 Nd5+ 39.Nxd5+ Bxd5 40.g4 Kd6 41.h4 b6 42.g5 hxg5 43.hxg5 Ke7
44.Kf2 Kd6 45.Ke3 Ke7 46.Bd1 Kd6 47.Nc4+ Bxc4 48.bxc4 Ke7 49.Bc2 Kd6 50.Kf3 Ke7
51.Kg4 Ke8 52.Kh5 Kf7 53.Bd1 Nd3 54.Bf3 Nf4+ 55.Kg4 Ke7 56.Bd5 Nd3 57.Bf3 Nc5
58.Bd1 Ke8 59.Kh5 Kf7 60.Kg4 Nd3 61.Bf3 Ke7 62.Be4 Nf4 63.Bd5 Nd3 64.Bc6 Nf4
65.Kf3 Kd6 66.Bb5 Nd3 67.Ke4 Nc5+ 68.Ke3 Ke7 69.Bc6 Kd6 70.Be8 Ke7 71.Bb5 Kd6
72.Kf3 Ke7 73.Kg4 Nd3 74.Bc6 Nf4 75.Bd5 Nd3 76.Be4 Nf4 77.Kf3 Kd6 78.Bd5 Nd3
79.Ke4 Nc5+ 80.Ke3 Nxa4 81.f6 gxf6 82.g6  1-0

[Event "Open"]
[Site "Metz FRA"]
[Date "2005.04.23"]
[Round "8"]
[White "Pytel,K"]
[Black "Julian,S"]
[Result "1/2-1/2"]
[WhiteElo "2384"]
[BlackElo "2142"]

1.Nf3 d5 2.g3 Nf6 3.Bg2 Bg4 4.O-O Nbd7 5.c4 c6 6.b3 e6 7.Bb2 Be7 8.d3 O-O
9.Nbd2 h6 10.Qc2 Qa5 11.a3 Rac8 12.b4 Qc7 13.Rfc1 Qb8 14.e4 dxe4 15.dxe4 e5
16.c5 b6 17.cxb6 axb6 18.Nc4 Bxf3 19.Bxf3 b5 20.Ne3 c5 21.Nf5 Rfe8 22.a4 Bf8
23.bxc5 Rxc5 24.Qd2 bxa4 25.Rxa4 Rxc1+ 26.Bxc1 Nc5 27.Rc4 Rd8 28.Qc2 Ne6
29.h4 Nd4 30.Nxd4 exd4 31.Bf4 Bd6 32.Rxd4 Bxf4 33.Rxd8+ Qxd8 34.gxf4 Nh7
35.h5 Nf8 36.Bg4 Qh4 37.Qc8 Qe7 38.e5 Qb4 39.Qc1 g5 40.Kg2 Qe4+ 41.Kg3 Nh7
42.Qe3 Qh1 43.Bh3 gxf4+ 44.Qxf4 Ng5 45.Bg2 Qxh5 46.Qf6 Nh7 47.Qd8+ Kg7 48.f4 Qg6+
49.Kf3 Qh5+ 50.Ke3 Qg4 51.Qd2 Nf8 52.Bf3 Qg1+ 53.Ke4 Qb1+ 54.Qd3 Qb4+ 55.Qd4 Qb1+
56.Qd3 Qb4+ 57.Qd4 Qb1+ 58.Qd3  1/2-1/2

[Event "2nd Open"]
[Site "Porto Carras GRE"]
[Date "2005.04.24"]
[Round "3"]
[White "Allahverdiev,A"]
[Black "Postny,E"]
[Result "0-1"]
[WhiteElo "2441"]
[BlackElo "2556"]

1.Nf3 d5 2.g3 c6 3.Bg2 Bg4 4.O-O Nd7 5.c4 Bxf3 6.Bxf3 Ne5 7.cxd5 Nxf3+ 8.exf3 Qxd5
9.Nc3 Qd7 10.d4 e6 11.Ne4 Nf6 12.Nc5 Qc7 13.Qb3 Bxc5 14.dxc5 O-O 15.Re1 Nd5
16.Qc2 e5 17.b3 f6 18.Bb2 Rad8 19.Rad1 Qf7 20.a3 Rd7 21.Rd2 Rfd8 22.Red1 Nc7
23.Rxd7 Rxd7 24.Rxd7 Qxd7 25.Kf1 Qd5 26.Ke2 Ne6 27.b4 Kf7 28.Qd3 Qxd3+ 29.Kxd3 Ng5
30.Ke2 Ke6 31.h4 Nf7 32.Ke3 Kd5 33.f4 exf4+ 34.Kxf4 a5 35.bxa5 Kxc5 36.h5 Kd5
37.g4 c5 38.f3 Ne5 39.Bc3 Ke6 40.a4 Nf7 41.Ke4 Nd6+ 42.Kf4 g6 43.hxg6 hxg6
44.Ke3 f5 45.Kf4 Nf7 46.gxf5+ gxf5 47.Bg7 Nd8 48.Bf8 c4 49.Ke3 Kd5 50.Bg7 Ne6
51.Bc3 f4+ 52.Ke2 Nd4+ 53.Kf2 Nb3 54.Ke2 Nc5 55.Bg7 Nxa4 56.Bh6 Nc3+ 57.Kd2 Nb5
58.Bxf4 Nd4 59.Bc7 Nxf3+ 60.Kc3 Kc5 61.Bf4 Kb5 62.Bc7 Ng5 63.a6 bxa6 64.Bd8 Ne4+
65.Kd4 Nc5 66.Be7 Nb3+ 67.Kc3 Na5 68.Bb4 Nc6 69.Bd6 a5 70.Bf8 Nb4 71.Bd6 Nd5+
72.Kd4 Nb4 73.Kc3 Na6 74.Kd4 a4 75.Ba3 Nc7 76.Kc3 Ne6 77.Bb4 Nc5 78.Ba3 Nd3
79.Kd4 Nf4 80.Kc3 Ne2+ 81.Kd2 Ng3 82.Kc3 Ne4+ 83.Kd4 Nd2 84.Bb2 Nb1 85.Ba1 Kb4  0-1

[Event "Open"]
[Site "Lenk SUI"]
[Date "2005.04.25"]
[Round "3"]
[White "Heinatz,G"]
[Black "Varga,Zo"]
[Result "0-1"]
[WhiteElo "2252"]
[BlackElo "2515"]

1.Nf3 d5 2.g3 c5 3.Bg2 Nc6 4.d4 e6 5.O-O Bd7 6.c3 Rc8 7.Ne5 Nxe5 8.dxe5 Ne7
9.Nd2 Nc6 10.f4 b5 11.Kh1 Be7 12.Nf3 O-O 13.Qc2 b4 14.e3 bxc3 15.Qxc3 Qb6
16.Rd1 Rfd8 17.g4 Nb4 18.Qd2 d4 19.e4 d3 20.f5 Bc6 21.Qf4 Qb7 22.f6 Bf8 23.Ng5 h6
24.Nh3 Rd4 25.Nf2 Nc2 26.Rb1 c4 27.Bd2 g5 28.Qf3 Qb8 29.Qg3 Ba8 30.h4 Rc5
31.hxg5 hxg5 32.Bc3 Qxe5 33.Qxe5 Rxe5 34.Bxd4 Nxd4 35.Rbc1 Rc5 36.b4 Rc6
37.e5 Ne2 38.b5 Rc8 39.Ra1 Bxg2+ 40.Kxg2 Bc5 41.Rh1 Nf4+ 42.Kf3 Ng6 43.Rae1 d2
44.Re4 c3 45.Nd3 c2 46.Ke2 d1=Q+ 47.Rxd1 cxd1=Q+ 48.Kxd1 Bb6 49.a4 Rd8 50.Kc2 Rd4  0-1

[Event "ch-SCG w"]
[Site "Pancevo SCG"]
[Date "2005.04.25"]
[Round "8"]
[White "Kostic,Ma"]
[Black "Vasic,M"]
[Result "1-0"]
[WhiteElo "2168"]
[BlackElo "2180"]

1.Nf3 d5 2.g3 c6 3.Bg2 Nf6 4.O-O Bg4 5.Ne5 Bh5 6.d4 Nbd7 7.Nd3 e6 8.c3 Be7
9.Nd2 O-O 10.Qe1 c5 11.e3 Rc8 12.Nf4 Bg6 13.Nxg6 hxg6 14.Qe2 a6 15.Rd1 cxd4
16.exd4 b5 17.a4 Qb6 18.Bf1 b4 19.a5 Qd6 20.c4 Nb8 21.c5 Qd8 22.Nb3 Nfd7
23.f4 Qc7 24.Ra4 Nc6 25.Bd2 Ra8 26.Qe1 Rfb8 27.Be2 Qa7 28.Be3 Nf6 29.Kg2 Qd7
30.Raa1 Bd8 31.Qf1 Qb7 32.Bd3 Ra7 33.Qe2 Rba8 34.Rh1 Qd7 35.h4 Bc7 36.Ra2 Qd8
37.Rha1 Qd7 38.Bd2 Qe7 39.Ra4 Bd8 40.Rh1 Qd7 41.Raa1 Bc7 42.g4 e5 43.fxe5 Nxg4
44.h5 g5 45.Bxg5 Re8 46.Rh4 Ngxe5 47.dxe5 Rxe5 48.Qg4 f5 49.Qf3 Bd8 50.Bxd8 Qxd8
51.Qg3 Qf6 52.Rf1 Rae7 53.Rf3 Re1 54.Rxf5 Qxb2+ 55.Rf2 Qe5 56.Qg6  1-0

[Event "62nd ch-POL"]
[Site "Poznan POL"]
[Date "2005.04.25"]
[Round "5"]
[White "Markowski,T"]
[Black "Bobras,P"]
[Result "1/2-1/2"]
[WhiteElo "2560"]
[BlackElo "2501"]

1.g3 d5 2.Nf3 c6 3.Bg2 Bg4 4.O-O Nd7 5.d3 e6 6.c4 Ngf6 7.cxd5 exd5 8.Nc3 Be7
9.h3 Bxf3 10.Bxf3 d4 11.Nb1 a5 12.Nd2 O-O 13.Qc2 Re8 14.Bg2 Bf8 15.Nf3 Ne5
16.Nxe5 Rxe5 17.Bf4 Rc5 18.Qa4 Rb5 19.Rab1 Qb6 20.Qc2 Re8 21.Bf3 Nd5 22.Bd2 Bb4
23.Bxb4 axb4 24.Qc4 Nf6 25.Rfc1 h5 26.Ra1  1/2-1/2

[Event "ch-UKR u20"]
[Site "Lviv UKR"]
[Date "2005.04.28"]
[Round "10"]
[White "Yarmysty,M"]
[Black "Zinchenko,Ya"]
[Result "0-1"]
[WhiteElo "2334"]
[BlackElo "2460"]

1.Nf3 d5 2.g3 c6 3.Bg2 Bg4 4.d3 Nd7 5.O-O e6 6.c4 Bd6 7.cxd5 cxd5 8.Nc3 Ne7
9.e4 O-O 10.h3 Bh5 11.Be3 Bc5 12.exd5 exd5 13.d4 Bd6 14.g4 Bg6 15.Nh4 Nb6
16.Nxg6 hxg6 17.b3 a6 18.Qd3 Rc8 19.a4 Bb8 20.Ne2 Nc6 21.Bf4 Bxf4 22.Nxf4 Qd6
23.Qd2 a5 24.Rfd1 Nb4 25.Rac1 Qf6 26.Rc5 Qd6 27.Rxc8 Nxc8 28.Ne2 Ne7 29.Nc3 Rc8
30.Nb5 Qf6 31.Qe3 g5 32.Rc1 Rc6 33.Rxc6 bxc6 34.Nc3 Nc2 35.Qd3 Nxd4 36.Ne2 Nxe2+
37.Qxe2 Ng6 38.Qe3 Qa1+ 39.Kh2 Qe5+ 40.Qxe5 Nxe5 41.Kg1 Nd3 42.Bf3 Kf8 43.Kf1 Ke7
44.Bd1 Kd6 45.Ke2 Nf4+  0-1

[Event "SME Open"]
[Site "Ostrava CZE"]
[Date "2005.04.30"]
[Round "1"]
[White "Kubacak,L"]
[Black "Cempel,J"]
[Result "0-1"]
[WhiteElo "2065"]
[BlackElo "2247"]

1.Nf3 d5 2.g3 Nf6 3.Bg2 c6 4.O-O h6 5.d3 Bf5 6.Nbd2 e6 7.b3 Bc5 8.Bb2 O-O
9.Ne5 Qe7 10.e4 Bh7 11.Qe2 Ba3 12.Bxa3 Qxa3 13.Rfb1 a5 14.Ng4 Nxg4 15.Qxg4 f5
16.exf5 exf5 17.Qd4 Na6 18.Re1 f4 19.Nf3 fxg3 20.hxg3 Qb4 21.Qe5 Rf7 22.Nh4 Nc7
23.c3 Qc5 24.d4 Qxc3 25.Bh3 Raf8 26.f3 g5 27.Nf5 Bxf5 28.Bxf5 Re8 29.Qxe8+ Nxe8
30.Rxe8+ Kg7 31.Rae1 Qxd4+  0-1

[Event "SME Open"]
[Site "Ostrava CZE"]
[Date "2005.04.30"]
[Round "1"]
[White "Vukovic,I"]
[Black "Sladek,Vl"]
[Result "1-0"]
[WhiteElo "2179"]
[BlackElo "2002"]

1.Nf3 d5 2.g3 Bg4 3.Bg2 c6 4.b3 Nf6 5.Bb2 e6 6.O-O Bd6 7.c4 O-O 8.d3 Nbd7
9.Nbd2 Qe7 10.Qc2 e5 11.e4 d4 12.h3 Bxf3 13.Nxf3 Nh5 14.Qd1 g6 15.Bc1 Ng7
16.Bh6 f5 17.Re1 Rae8 18.exf5 gxf5 19.Nxd4 f4 20.Nf3 fxg3 21.fxg3 Qf6 22.Qd2 e4
23.dxe4 Bxg3 24.Rf1 Ne5 25.Nxe5 Qxe5 26.Qg5 Qxg5 27.Bxg5 Rxf1+ 28.Rxf1 Rf8
29.Rxf8+ Kxf8 30.Bf3 Be5 31.Bg4 Kf7 32.Be3 b6 33.Bd7 c5 34.Kg2 Kf6 35.Kf3 Nh5
36.Bf5 Kg7 37.Bg5 h6 38.Be3 Bc3 39.Bg4 Nf6 40.Bf4 Nxg4 41.hxg4 a6 42.a4 Kg6
43.e5  1-0

[Event "SME Open"]
[Site "Ostrava CZE"]
[Date "2005.04.30"]
[Round "1"]
[White "Rakus,P"]
[Black "Vyskocil,N"]
[Result "1-0"]
[WhiteElo "2083"]
[BlackElo "2304"]

1.Nf3 d5 2.g3 g6 3.d4 Bg7 4.Bg2 Nf6 5.O-O O-O 6.b3 c5 7.e3 Nc6 8.Bb2 cxd4
9.exd4 Bf5 10.Ne5 Rc8 11.Nxc6 Rxc6 12.c4 b6 13.Nc3 e6 14.Qd2 Qd7 15.Rac1 Rd8
16.Rfd1 Rcc8 17.cxd5 exd5 18.Re1 Rc7 19.Ba3 Be6 20.f3 h5 21.Bf1 Kh7 22.Bb5 Qc8
23.Ne2 a6 24.Bd3 Bh6 25.Nf4 Rdd7 26.Bxg6+ fxg6 27.Rxe6 Rf7 28.Rxb6 h4 29.Qe1 Bxf4
30.gxf4 Nh5 31.Re6 Nxf4 32.Qxh4+ Kg7 33.Rxc7 Qxc7 34.Re8 Nh5 35.Re7 Qc2 36.Rxf7+ Kxf7
37.Qe7+ Kg8 38.Qf8+ Kh7 39.Qf7+ Kh8 40.Bd6 Qc1+ 41.Kg2 Qg5+ 42.Kh3 Ng7 43.Bf4 Qg1
44.Be5 Qf1+ 45.Kg4 Qg1+ 46.Kh4 Qf2+ 47.Kg5 Qg2+ 48.Kf6  1-0

[Event "IM"]
[Site "Ostrava CZE"]
[Date "2005.04.30"]
[Round "1"]
[White "Ganaus,H"]
[Black "Kotan,L"]
[Result "0-1"]
[WhiteElo "2308"]
[BlackElo "2325"]

1.Nf3 d5 2.g3 c6 3.Bg2 Bf5 4.d3 h6 5.O-O Nf6 6.c4 e6 7.Be3 Ng4 8.Bd2 Be7
9.Qb3 Qb6 10.Nc3 Nd7 11.Qxb6 axb6 12.cxd5 exd5 13.e4 dxe4 14.dxe4 Be6 15.b3 b5
16.h3 Ngf6 17.Nd4 Nc5 18.e5 Nfd7 19.f4 b4 20.Nce2 Na6 21.Kh2 Nc7 22.f5 Bd5
23.Bxd5 Nxd5 24.Bf4 O-O 25.Rfd1 Nxf4 26.gxf4 Nb6 27.f6 gxf6 28.Nf5 Bc5 29.Nfg3 fxe5
30.Ne4 Bd4 31.Nf6+ Kh8 32.Nxd4 exd4 33.Rxd4 Rfd8 34.Rxb4 Ra6 35.a4 Rd2+ 36.Kh1 Rd3
37.Rg1 Rxh3+ 38.Kg2 Rd3 39.Kf2 Rd8 40.Kf3 c5 41.Rb5 Nxa4 42.Ne4 Rd3+ 43.Kf2 Nc3
44.Nxc3 Rxc3 45.Rxb7 Ra2+  0-1

[Event "Heroes Day Masters"]
[Site "Bridgetown BAR"]
[Date "2005.05.01"]
[Round "7"]
[White "Neubauer,M"]
[Black "Pecorelli Garcia,H"]
[Result "1/2-1/2"]
[WhiteElo "2457"]
[BlackElo "2387"]

1.Nf3 d5 2.g3 Nf6 3.Bg2 g6 4.O-O Bg7 5.c4 dxc4 6.Na3 O-O 7.Nxc4 Nbd7 8.d3 Nb6
9.Qc2 Nxc4 10.Qxc4 Be6 11.Qh4  1/2-1/2

[Event "SME Open"]
[Site "Ostrava CZE"]
[Date "2005.05.01"]
[Round "2"]
[White "Adamek,J"]
[Black "Novacek,P2"]
[Result "1-0"]
[WhiteElo "2205"]
[BlackElo "2048"]

1.Nf3 d5 2.g3 Nc6 3.d4 Bg4 4.Bg2 e6 5.O-O Nf6 6.b3 Bd6 7.Bb2 Bxf3 8.Bxf3 O-O
9.c4 Re8 10.Nc3 dxc4 11.bxc4 e5 12.e3 e4 13.Bg2 Nb4 14.Qb1 Nd3 15.Nxe4 Nxb2
16.Nxd6 Qxd6 17.Qxb2 Rab8 18.Rab1 b6 19.c5 Qe6 20.cxb6 axb6 21.Rfc1 Re7 22.Qb3 Qf5
23.Qb5 c5 24.Rxc5 bxc5 25.Qxb8+ Re8 26.Qb5 Rd8 27.Rb2 Qg4 28.Qe2 cxd4 29.Qxg4 Nxg4
30.exd4 Kf8 31.Rd2 Rd6 32.Bf1 Ne5 33.Kg2 Nc6 34.Kf3 f5 35.Ke3 Ke7 36.h4 g6
37.Bc4 h6 38.d5 Ne5 39.Be2 Nd7 40.Kd4 Nf6 41.Bf3 Ra6 42.Re2+ Kf7 43.Rc2 Ra3
44.Be2 Ne4 45.Bd3 Nd6 46.Ke5 Ne8 47.Bb5 Ra7 48.Bxe8+ Kxe8 49.d6  1-0

[Event "23rd Liechtenstein Open"]
[Site "Triesen LIE"]
[Date "2005.05.01"]
[Round "3"]
[White "Grunberg,M"]
[Black "Peredy,F"]
[Result "1/2-1/2"]
[WhiteElo "2421"]
[BlackElo "2290"]

1.Nf3 d5 2.g3 c6 3.Bg2 Nf6 4.O-O Bf5 5.c4 e6 6.cxd5 cxd5 7.Qb3 Qb6 8.Qxb6 axb6
9.Nc3 Nc6 10.d3 h6 11.Nb5 Kd7 12.Be3 Bc5 13.d4 Bd6 14.Nxd6 Kxd6 15.Ne5 Ke7
16.Rfc1 Rhc8 17.Nxc6+ bxc6 18.f3 Ne8 19.Bf4 Nd6 20.e4 dxe4 21.Bxd6+ Kxd6
22.fxe4 Bg6 23.e5+ Kd7 24.a4 f6 25.b4 Ra7 26.Rc3 fxe5 27.dxe5 c5 28.a5 bxa5
29.bxa5 c4 30.a6 Bd3 31.Bb7 Rc5 32.Rd1 Rd5 33.Kf2 Rxb7 34.axb7 Kc7 35.Re1 Kxb7
36.Re3 Kb6 37.Rf3 Rxe5 38.Rf7 g6 39.h4 Kc5 40.Rc1 Kd4 41.Rf4+ Re4 42.Rf6 h5
43.Rf8 Re5 44.Rf4+ Kd5 45.Rf8 Kd4 46.Rf4+ Kc5 47.Rf8 Rd5 48.Ke3 Re5+ 49.Kf2 Re2+
50.Kf3 e5 51.Rc8+ Kd5 52.Rd8+ Ke6 53.Re8+ Kf7 54.Rc8 Ke6 55.Ra1 Kd5 56.Rd8+ Kc5
57.Rc1 Rd2 58.Rc8+ Kd4 59.Rd8+  1/2-1/2

[Event "Open A"]
[Site "Djakovo CRO"]
[Date "2005.05.02"]
[Round "2"]
[White "Fucak,E"]
[Black "Kovacevic,B"]
[Result "0-1"]
[WhiteElo "2309"]
[BlackElo "2510"]

1.g3 d5 2.Nf3 Nc6 3.Bg2 e5 4.d3 Be6 5.c3 Nf6 6.Nbd2 h6 7.O-O Bd6 8.e4 O-O
9.a4 Re8 10.a5 a6 11.Qc2 Bf8 12.exd5 Bxd5 13.Ne4 Nd7 14.Re1 f5 15.Ned2 Qf6
16.b3 Rad8 17.Bb2 Nc5 18.Rad1 Bf7 19.d4 exd4 20.Rxe8 Rxe8 21.Nxd4 Ne4 22.Nxe4 fxe4
23.Bxe4 Nxa5 24.Bh7+ Kh8 25.c4 Rd8 26.Be4 Bc5 27.b4 Bxd4 28.Bxd4 Rxd4 29.Rxd4 Qxd4
30.bxa5 Bxc4 31.Bxb7 Qa1+ 32.Kg2 Bf1+ 33.Kf3 Qxa5 34.Bc8 Qd5+ 35.Kg4 c5 36.Bf5 Qc4+
37.Qxc4 Bxc4 38.Kf4 Bb3 39.Ke3 a5 40.Kd2 a4 41.Kc3 g5 42.h4 gxh4 43.gxh4 Kg7
44.f4 Kf6 45.Bd7 Kg6 46.Kb2 Kf6 47.Bg4 Ke7 48.Kc3 Be6 49.Bd1 a3 50.Bc2 Kf6
51.Be4 Bf5 52.Bc6 Bb1 53.Bd7 a2 54.Kb2 c4  0-1

[Event "SME Open"]
[Site "Ostrava CZE"]
[Date "2005.05.02"]
[Round "3"]
[White "Vukovic,I"]
[Black "Bartos,J"]
[Result "1/2-1/2"]
[WhiteElo "2179"]
[BlackElo "2293"]

1.Nf3 d5 2.g3 Nf6 3.Bg2 Bf5 4.c4 e6 5.O-O Be7 6.b3 h6 7.Bb2 O-O 8.d3 Nc6
9.Nbd2 Bh7 10.a3 a5 11.d4 Ne4 12.Rc1 Nxd2 13.Nxd2 Bf6 14.e3 Nb8  1/2-1/2

[Event "Open A"]
[Site "Djakovo CRO"]
[Date "2005.05.03"]
[Round "4"]
[White "Armanda,I"]
[Black "Bukal,V sr"]
[Result "1/2-1/2"]
[WhiteElo "2340"]
[BlackElo "2422"]

1.Nf3 d5 2.g3 Nf6 3.Bg2 c6 4.O-O Bg4 5.h3 Bh5 6.d3 Nbd7 7.Nbd2 e5 8.e4 dxe4
9.dxe4 Bc5 10.c3 a5 11.a4 O-O 12.Qc2 Re8 13.Nc4 Qc7 14.Bg5  1/2-1/2